ბათუმის შოთა რუსთაველის სახელმწიფო უნივერსიტეტის ბიბლიოთეკა

შუა საუკუნეების ქართული გალობა [ნოტი] : (ბიბ.ჩანაწერი № 60054)

000 -ლიდერი
ფიქსირებული სიგრძის საკონტროლო ველი 01904nam a22002297a 4500
003 - საკონტროლო ნომრის იდენტიფიკატორი
საკონტროლო ველი Ge_BSU
005 - ბოლო ოპერაციის თარიღი და დრო
საკონტროლო ველი 20230602101915.0
008 - ფიქსირებული სიგრძის მონაცემთა ელემენტები - ზოგადი ინფორმაცია
ფიქსირებული სიგრძის საკონტროლო ველი 230602s2018ge xxu||||| |||| 00| 0 geo d
020 ## - წიგნის საერთაშორისო სტანდარტული ნომერი
International Standard Book Number 9790801574084
041 ## - ენის კოდი
Language code of text/sound track or separate title geo
080 ## - უნივერსალური ათობითი კლასიფიკაციის ინდექსი
Universal Decimal Classification number 783(479.22) შ-93
245 ## - ცნობა სათაურის შესახებ
Title შუა საუკუნეების ქართული გალობა [ნოტი] :
Remainder of title რჩეული საგალობლები = Georgian Chants from the Middle Ages : Selected Peaces /
Statement of responsibility, etc შემდგ : სვომონ (ჯიქი) ჯანგულაშვილი ; რუსუდან წურწუმია, თამარ ჩხეიძე ; მუსიკალური რედ: ლევან ვეშაპიძე, სვომონ (ჯიქი) ჯანგულაშვილი ; მთარგმ: მარიამ ცოცხალაშვილი, ნუცა ლომსაძე ;პროექტის კოორდინატორი: ნინო რაზმაძე
264 ## - წარმოების, გამოცემის, დისტრიბუციის და სხვა ცნობები
გამოცემის, წარმოების, დისტრიბუციის... ადგილი ვარშავა = Warszawa :
გამოცემის, წარმოების, დისტრიბუციის... სახელწოდება PWN,
გამოცემის, წარმოების, დისტრიბუციის... თარიღი 2018.
300 ## - ფიზიკური აღწერა
Extent 560 გვ. ;
Other physical details 30 სმ.
546 ## - LANGUAGE NOTE
Language note ლათინური ტრანსლიტერაციით.
კრებულში წარმოდგენილი საგალობლების წყაროები ქართულ, ინგლისურ ენაზე: გვ. 18–27.
653 ## - INDEX TERM--UNCONTROLLED
Uncontrolled term ქართული სასულიერო მუსიკა
653 ## - INDEX TERM--UNCONTROLLED
Uncontrolled term ქართული საეკლესიო გალობა
700 ## - ADDED ENTRY--PERSONAL NAME
Personal name ჯანგულაშვილი , სვომონ
Relator term შემდგენელი
9 (RLIN) 18409
700 ## - ADDED ENTRY--PERSONAL NAME
Personal name წურწუმია,რუსუდან
9 (RLIN) 18410
700 ## - ADDED ENTRY--PERSONAL NAME
Personal name ჩხეიძე, თამარ [და სხვ]
Relator term რედაქტორი
9 (RLIN) 18411
942 ## - ADDED ENTRY ELEMENTS (KOHA)
Source of classification or shelving scheme
Koha item type წიგნი
ეგზემპლარები
ჩამოწერის სტატუსი დაკარგული ეგზემპლარის სტატუსი კლასიფიკაციის წყარო ან თაროზე გაწყობის სქემა დაზიანების სტატუსი არ გაიცემა მუდმივი მდებარეობა (დაცვის ადგილი) ამჟამინდელი ადგილსამყოფელი თაროზე განთავსების ადგილი შეძენის თარიღი ღირებულება, შესყიდვის ნორმალური ფასი სრული შენახვის შიფრი შტრიხკოდი ბოლო ოპერაციის თარიღი ეგზემპლარის მიმდევრობითი ნომერი (კეტერი?) ფასის ძალაში შესვლის თარიღი ეგზემპლარის სახეობა საჯარო შენიშვნა Uniform Resource Identifier
          ბათუმის შოთა რუსთაველის სახელმწიფო უნივერსიტეტის მთავარი ბიბლიოთეკა ბათუმის შოთა რუსთაველის სახელმწიფო უნივერსიტეტის მთავარი ბიბლიოთეკა წიგნსაცავი 2023-06-02 50.00 783(479.22) შ-93 29527 2023-06-02 29527 2023-06-02 წიგნი 50ლ.19თ.  
          ბათუმის შოთა რუსთაველის სახელმწიფო უნივერსიტეტის მთავარი ბიბლიოთეკა ბათუმის შოთა რუსთაველის სახელმწიფო უნივერსიტეტის მთავარი ბიბლიოთეკა წიგნსაცავი 2023-06-02 50.00 783(479.22) შ-93 29528 2023-06-02 29528 2023-06-02 წიგნი 50ლ.19თ.  
          ბათუმის შოთა რუსთაველის სახელმწიფო უნივერსიტეტის მთავარი ბიბლიოთეკა ბათუმის შოთა რუსთაველის სახელმწიფო უნივერსიტეტის მთავარი ბიბლიოთეკა წიგნსაცავი 2023-06-02 50.00 783(479.22) შ-93 29529 2023-06-02 29529 2023-06-02 წიგნი 50ლ.19თ.  
          ბათუმის შოთა რუსთაველის სახელმწიფო უნივერსიტეტის მთავარი ბიბლიოთეკა ბათუმის შოთა რუსთაველის სახელმწიფო უნივერსიტეტის მთავარი ბიბლიოთეკა წიგნსაცავი 2025-12-05   783(479.22) შ-93 73227 2025-12-05 73227 2025-12-05 წიგნი 25.00 საქართველოს ეროვნული ბიბლიოთეკა (ნაჩუქარი)